000 00558nam a22001817a 4500
003 UA-OsUOA
001 17360
007 ta
008 20040224b un ||||| |||| 00| 0 ukr d
100 _aДубінець П.
942 _cSA
040 _aUA-OsUOA
_cUA-OsUOA
_dUA-OsUOA
245 _aКаплиця у Коморах: [Про каплицю в с. Комори Зарічнен. р-ну]
300 _aС.6
955 _a0
773 0 _w0
_tПолісся
_dсмт. Зарічне
_d2004
_g№6/13 лют./
650 7 _aКраєзнавча робота
_2UDC
999 _c303528
_d303528